00815cam a2200217I 45000010005000000030008000050050017000130080040000300350018000700400037000880410008001250820025001331000051001582450100002092600069003093000021003785000101003995040026005006500027005267000044005539083BD-RjUL20211208234719.0140120r19651962ilu b 00100 engm a(BD-RjUL)9128 aDLCcKSUdSERdBOSdBD-RjULbeng aeng04216a537.16bCHP 19651 aChandrasekhar, S.q(Subrahmanyan),d1910-1995.10aPlasma physics :ba course given at the University of Chicago /cNotes compiled by S.K. Trehan. aChicago :bUniversity of Chicago Press,c1962 [impression 1965]. a217 p. :c21 cm. aA reproduction of Trehan's notes of 19 lectures, with only minor amplifications at a few places. aIncludes biblioraphy. 0aPlasma (Ionized gases)1 aTrehan, S. K.q(Surindar Kumar),d1931-